| 000 | 00589nam a2200205 4500 | ||
|---|---|---|---|
| 001 | 109375 | ||
| 003 | ES-MaACL | ||
| 007 | t| | ||
| 008 | 061121s1955 sp r ||||1| spa d | ||
| 100 | 1 |
_aMistinguett. _981661 |
|
| 245 | 1 | 0 |
_aMemorias / _cMistinguett; Traducción directa del francés por José Antonio Orozco. |
| 250 | _a1ª ed. | ||
| 260 |
_aBarcelona : _bA.H.R., _c1955. |
||
| 300 |
_a376 p., 10 lám. ; _c22 cm. |
||
| 490 | 1 | _aAmanecer | |
| 700 | 1 |
_aOrozco, José Antonio. _987332 |
|
| 830 | 0 |
_aAmanecer _9181036 |
|
| 852 |
_aES-MaACL _jC-9599 _bR.37240 |
||
| 999 |
_c109375 _d109375 |
||